Stranger Things Ultimate Name Game (Seaons 1-4) - Statistics

General Stats
  • This quiz has been taken 6,359 times
  • The average score is 34 of 99
Answer Stats
Hint Answer % Correct
Member of Prasad's gang Mick
99%
Nancy
98%
Will
98%
Mike
96%
Joyce
93%
Lucas
93%
Byers Jonathan
92%
Dustin
91%
Mayfield Max
91%
Harrington Steve
91%
Eleven/Jane
89%
Erica
89%
Hargrove Billy
86%
Jim
86%
Munson Eddie
81%
Karen
78%
Wheeler Holly
77%
Buckley Robin
75%
Ted
74%
Newby Bob
71%
Bauman Murray
68%
Woo Jen
65%
Sara
62%
Brenner Martin
58%
Jane
55%
Henry
53%
Cunningham Chrissy
52%
Terry
52%
Victor
51%
Jonathan's friend Argyle
50%
Lonnie
50%
Holland Barbara
49%
Owens Sam
49%
Bully of El Angela
46%
Russian scientist Alexei
38%
Tom
36%
Carver Jason
33%
Hawkins HS band member and love interest of _ Buckley Vickie
33%
Holloway Heather
32%
Clarke Scott
31%
Ismaylov Yuri
30%
Prasad Kali/Eight
28%
Suzie
26%
Benson Fred
25%
Ives Becky
23%
Creel Alice
22%
Henderson Claudia
22%
McKinney Patrick
21%
Hammond Benny
19%
Susan
19%
Driscoll Doris
18%
Kline Larry
18%
Sullivan Jack
17%
Neil
17%
Perkins Carol
16%
Antonov Dmitri
15%
Dante James
15%
Employee at Family Video Keith
15%
Wayne
15%
Frazier Connie
14%
Large Russian Hitman Grigori
14%
Hagan Tommy
14%
Sinclair Charles
13%
Eden
13%
Hopper Diane
12%
Secretary at Hawkins Police Station Florence
12%
Sue
12%
Lowe Bruce
11%
Virginia
11%
Janet
10%
Callahan Phil
10%
Walsh Troy
10%
O'Bannon David
9%
Mohawk member of Prasad's gang Axel
8%
Powell Calvin
8%
Bingham Cornelius
7%
Boyfriend of above Jake
7%
Member of Prasad's gang Dottie
6%
Member of Prasad's gang Funshine
6%
Hayes Jennifer
6%
Hawkins guidance counselor Ms. Kelly
6%
Jacobi Anna
5%
Melvald Donald
5%
McCorkle Greg
5%
Marsha
5%
Tabitha
5%
Carroll Ray
4%
Albright Stacey
4%
Winnie
4%
Mayor's Secretary Candice
3%
Daniels Glenn
3%
Agent Harmon/Unknown Hero Agent Man
3%
Librarian of Hawkins Public Library Marissa
3%
Sterling
3%
Tanner
3%
Tatum
3%
Agent Wallace
3%
Coleman Russell
2%
Agent Stinson
2%
No matching quizzes found
Score Distribution
Percent of People with Each Score
Percentile by Number Answered
Your Score History
You have not taken this quiz